Pomáhame pri výchove detí

Bibliographic Details
Main Author: Bilčíková, Júlia, 1928-2003 (Author)
Format: Article
Language:Slovak

MARC

LEADER 00000nab a2200000ua 4500
001 vtls010770179
003 SK-MaSNL
005 20260303153153.0
008 230222s1969 xo |||||||||||||||||slo|
035 |a (urnnbn)urn:nbn:sk:snk:ar-a00mmt 
035 |a (uuid)e64835b8-861d-4f7c-850b-b099ef6bf3ea 
035 |a urn:nbn:sk:snk-ab4ahk 
040 |a SNKBUCL  |b slo  |c SNKBUCL  |e AACR2 
041 0 |a slo 
044 |a xo  |c SK 
100 1 |a Bilčíková, Júlia,  |d 1928-2003  |4 aut  |9 39607 
245 1 0 |a Pomáhame pri výchove detí  |c Júlia Bilčíková 
773 0 |t Rodina a škola  |g Roč. 16, č. 7 (1969), s. 202-204 
954 |a odborná, vedecká literatúra pôvodná (slovenská)  |2 lita 
958 |a OND 
958 |a EUIPO 
958 |a article3 
999 |c 2026962  |d 2028892